000 00762nam a2200277 i 4500
001 200465026
003 TR-AnTOB
005 20250812163438.0
007 ta
008 250812b vraa 000 0 eng d
035 _a(TR-AnTOB)200465026
040 _aTR-AnTOB
_beng
_erda
_cTR-AnTOB
041 0 _aeng
050 4 _aQC161
_b.P64
090 _aQC161
_b.P64
245 0 0 _aPneumatics.
264 1 _aMelbourne :
_bFesto,
_c[date of publication not identified]
300 _a2 volumes :
_billustrations ;
_c30 cm
336 _atext
_btxt
_2rdacontent
337 _aunmediated
_bn
_2rdamedia
338 _avolume
_bnc
_2rdacarrier
650 0 _aPneumatics
_983620
710 2 _aFesto-Pneumatic (Firm)
_9149719
942 _2lcc
_cBK
999 _c200465026
_d83238